004780000a220008500045001000025000002450027000253000047000525200248000997730045003471 aOsorio, Juan Esteban10aUn mecenazgo de verdad aVol.0, núm.21 (Junio, 2007), Página 28 aJulio Mario Santo Domingo donó 17 millones de dólares para la construcción de la nueva biblioteca de Suba que beneficiará a dos millones de bogotanos. ¿Se está inaugurando una nueva época de verdaderas donaciones para la cultura?0 tArcadia / Andrés Felipe Solano, Editor